00243pam a2200109 a 4500020000500000041000500005100002500010245004100035250000900076260003900085300000900124 c h aJ. B. Lal,eAuthor., aForest ManagementhTextual Documents a1st. a[s.l]:bNatraj Publisher Dhar Dun. a455.